000 00674nam a22002417a 4500
003 UA-OsUOA
001 88297
007 ta
008 20121003b un ||||| |||| 00| 0 ukr d
100 _aБогомолов А. С.
090 _a1(091)"652"
_bБ74
942 _cBK
040 _aUA-OsUOA
_brus
_cUA-OsUOA
_dUA-OsUOA
245 _aДиалектический логос
300 _a263 с.
955 _a1
041 _arus
080 _a1(091)"652"
260 _aМ.
_bМысль
_c1982
246 3 1 _aСтановление античной диалектики
_n
650 7 _a1(091) Історія філософії
_2UDC
999 _c374260
_d374260